000 00673nam a2200217Ia 4500
008 140429s9999 xx 000 0 und d
020 _a9780415558389
050 _aRC 1235
_b.B37 2012
100 _aBartlett, Roger
245 _aSports biomechanics :
_breducing injury risk and improving sports performance /
_cRoger Bartlett and Melanie Bussey.
250 _a2nd ed.
260 _aNew York :
_bRoutledge,
_cc2012.
300 _a341 p. :
_bill. ;
_c25 cm.
500 _aIncludes index.
521 _aGE
650 _aHuman mechanics.
650 _aSports injuries
_xPrevention.
650 _aSports
_xPhysiological aspects.
942 _kFOR
_cBK
999 _c115666
_d115666